|
|
|
|
| LEADER |
00000cas a2200000 c 4500 |
| 001 |
1010765477 |
| 003 |
DE-627 |
| 005 |
20260324090957.0 |
| 007 |
tu |
| 008 |
180111c19979999gw z| m| 0 |0eng c |
| 016 |
7 |
|
|a 1150445572
|2 DE-101
|
| 016 |
7 |
|
|a 2916422-9
|2 DE-600
|
| 020 |
|
|
|a 0830826009
|9 0-8308-2600-9
|
| 035 |
|
|
|a (DE-627)1010765477
|
| 035 |
|
|
|a (DE-603)112532136
|
| 035 |
|
|
|a (DE-576)49707835X
|
| 035 |
|
|
|a (DE-599)ZDB2916422-9
|
| 035 |
|
|
|a (OCoLC)1368890646
|
| 035 |
|
|
|a (OCoLC)150252192
|
| 040 |
|
|
|a DE-627
|b ger
|c DE-627
|e rda
|
| 041 |
|
|
|a eng
|
| 044 |
|
|
|c XA-DE
|
| 084 |
|
|
|a 1
|2 ssgn
|
| 245 |
0 |
0 |
|a New studies in biblical theology
|
| 246 |
1 |
|
|i Abweichender Titel
|a NSBT
|
| 264 |
3 |
1 |
|a Leicester
|a Nottingham
|a London
|b Apollos
|c [1997?]-
|
| 264 |
3 |
1 |
|a Downers Grove, Illinois
|b InterVarsity Press
|c [1997?]-
|
| 336 |
|
|
|a Text
|b txt
|2 rdacontent
|
| 337 |
|
|
|a ohne Hilfsmittel zu benutzen
|b n
|2 rdamedia
|
| 338 |
|
|
|a Band
|b nc
|2 rdacarrier
|
| 362 |
0 |
|
|a 3 (1997) [?]-
|
| 363 |
0 |
1 |
|a 3
|i 1997
|
| 500 |
|
|
|a Wechselnde Verlagsorte
|
| 601 |
|
|
|a Theologe
|
| 655 |
|
7 |
|a Monografische Reihe
|0 (DE-588)4179998-7
|0 (DE-627)104628669
|0 (DE-576)209995106
|2 gnd-content
|
| 889 |
|
|
|w (DE-576)079886957
|
| 889 |
|
|
|w (DE-627)1149886951
|
| 935 |
|
|
|a mteo
|
| 935 |
|
|
|i sdedup20220824
|
| 951 |
|
|
|a ST
|
| BIB |
|
|
|a 1
|c 1
|
| ELC |
|
|
|b 1
|
| ITA |
|
|
|a 1
|t 1
|
| LOK |
|
|
|0 000 xxxxxcx a22 zn 4500
|
| LOK |
|
|
|0 001 3619757224
|
| LOK |
|
|
|0 003 DE-627
|
| LOK |
|
|
|0 004 1010765477
|
| LOK |
|
|
|0 005 20200407103129
|
| LOK |
|
|
|0 008 200407||||||||||||||||ger|||||||
|
| LOK |
|
|
|0 040
|a DE-21
|c DE-627
|d DE-21
|
| LOK |
|
|
|0 852
|a DE-21
|
| LOK |
|
|
|0 852 1
|9 00
|
| LOK |
|
|
|0 939
|a 2020-04-07
|b l01
|
| LOK |
|
|
|0 000 xxxxxcx a22 zn 4500
|
| LOK |
|
|
|0 001 2364663415
|
| LOK |
|
|
|0 003 DE-627
|
| LOK |
|
|
|0 004 1010765477
|
| LOK |
|
|
|0 005 20200423120010
|
| LOK |
|
|
|0 008 001204||||||||||||||||ger|||||||
|
| LOK |
|
|
|0 040
|a DE-21-35
|c DE-627
|d DE-21-35
|
| LOK |
|
|
|0 852
|a DE-21-35
|
| LOK |
|
|
|0 852 1
|c Einzelsignatur
|m p
|9 00
|
| LOK |
|
|
|0 938
|k p
|
| LOK |
|
|
|0 939
|a 2000-12-04
|b l01
|
| LOK |
|
|
|0 000 xxxxxcx a22 zn 4500
|
| LOK |
|
|
|0 001 2364663407
|
| LOK |
|
|
|0 003 DE-627
|
| LOK |
|
|
|0 004 1010765477
|
| LOK |
|
|
|0 005 20200423120115
|
| LOK |
|
|
|0 008 990920||||||||||||||||ger|||||||
|
| LOK |
|
|
|0 040
|a DE-21-31
|c DE-627
|d DE-21-31
|
| LOK |
|
|
|0 852
|a DE-21-31
|
| LOK |
|
|
|0 852 1
|c Einzelsignatur
|m p
|9 00
|
| LOK |
|
|
|0 938
|k p
|
| LOK |
|
|
|0 939
|a 1999-09-20
|b l01
|
| ORI |
|
|
|a TA-MARC-ixtheob001.raw
|
| REL |
|
|
|a 1
|c 1
|
| SPR |
|
|
|a 1
|t BIB
|t IXT
|t REL
|